[Event "Eq:Pirates du Mat-modesty :"]
[Site "www.echecsemail.com"]
[Date "2026.01.07"]
[Round "1"]
[White "Breitenbach"]
[Black "Eltche"]
[WhiteElo "2240"]
[BlackElo "2610"]
[Result "0-1"]
1.e4 c5
2.Ng1f3 d6
3.Bf1b5 Bc8d7
4.Bb5xd7 Nb8xd7
5.d4 cxd4
6.Qd1xd4 Ng8f6
7.c4 e5
8.Qd4e3 Bf8e7
9.Nb1c3 O-O
10.O-O a6
11.b3 b5
12.cxb5 axb5
13.Nc3xb5 Nd7c5
14.Nb5c3 Nc5xb3
15.Ra1b1 Nb3c5
16.Rf1d1 Qd8a5
17.Bc1d2 Qa5a6
18.Bd2e1 Rf8c8
19.Nf3h4 g6
20.f3 Nc5e6
21.g3 d5
22.Qe3d3 Qa6a7
{ abandon }0-1

[Event "Défi"]
[Site "www.echecsemail.com"]
[Date "2026.01.07"]
[Round "1"]
[White "Khamis"]
[Black "Payne42"]
[WhiteElo "1830"]
[BlackElo "1780"]
[Result "1-0"]
1.d4 g6
2.c4 Bf8g7
3.Nb1c3 Ng8f6
4.e4 d6
5.h3 b6
6.Ng1f3 O-O
7.Bf1e2 Bc8b7
8.d5 c6
9.O-O cxd5
10.cxd5 Nb8d7
11.Bc1e3 Nd7c5
12.Nf3d2 Rf8e8
13.f3 Nf6h5
14.Kh2 e6
15.Qd1e1 e5
16.b4 Nh5f4
17.bxc5 bxc5
18.Be2b5 Re8e7
19.Ra1c1 a6
20.Bb5c4 Qd8a5
21.g3 Nf4h5
22.Nd2b3 Qa5d8
23.Be3g5 f6
24.Bg5e3 a5
25.Qe1d2 Bg7f8
26.a4 Bb7a6
27.Nc3b5 Ra8b8
28.Nb3xa5 Ba6xb5
29.axb5 Rb8a8
30.Na5c6 Qd8d7
31.Nc6xe7 Bf8xe7
32.Rc1a1 Ra8b8
33.Rf1b1 Nh5g7
34.Ra1a6 Ng7e8
35.Qd2a5 Be7d8
36.Qa5a4 Qd7b7
37.Ra6a7 Qb7c8
38.Rb1a1 Ne8c7
39.Ra1b1 Rb8b7
40.Ra7xb7 Qc8xb7
41.b6 Nc7a8
42.Qa4a7 Qb7xa7
43.bxa7 Kf8
44.Rb1b8 Ke8
45.Rb8xa8 Kd7
46.Ra8b8 { abandon }1-0

[Event "Défi"]
[Site "www.echecsemail.com"]
[Date "2026.01.07"]
[Round "1"]
[White "Breton"]
[Black "Intrigue"]
[WhiteElo "1960"]
[BlackElo "1720"]
[Result "1-0"]
1.e4 e6
2.Ng1f3 d5
3.d4 c5
4.exd5 exd5
5.dxc5 Bf8xc5
6.Bf1b5 Nb8c6
7.O-O Bc8e6
8.Nb1c3 Ng8f6
9.Bc1g5 O-O
10.Nc3e2 a6
11.Bb5a4 b5
12.Ba4b3 d4
13.Ne2f4 Be6xb3
14.axb3 Qd8d6
15.Nf4d3 Rf8e8
16.Qd1d2 Nf6e4
17.Qd2f4 Qd6xf4
18.Bg5xf4 Bc5b6
19.Nf3e5 Nc6xe5
20.Bf4xe5 f6
21.Be5f4 a5
22.f3 Ne4c5
23.Ra1d1 Ra8d8
24.Rf1e1 Re8xe1
25.Rd1xe1 Kf7
26.Nd3xc5 Bb6xc5
27.Kf1 Bc5d6
28.Bf4xd6 Rd8xd6
29.Re1a1 Rd6a6
30.Ke2 Ke6
31.Kd3 a4
32.Kxd4 Kd6
33.c4 Kc6
34.c5 g5
35.bxa4 bxa4
36.b4 h5
37.Kc4 Ra6a8
38.b5 Kc7
39.Kb4 Ra8e8
40.Ra1xa4 Re8e2
41.Ra4a7 Kb8
42.b6 Re2xg2
43.c6 Rg2b2
44.Kc5 Rb2c2
45.Kd6 Rc2d2
46.Ke6 Rd2e2
47.Kxf6 { abandon }1-0

[Event "Tournoi échelle champions"]
[Site "www.echecsemail.com"]
[Date "2026.01.07"]
[Round "1"]
[White "Verson"]
[Black "Alain64"]
[WhiteElo "1840"]
[BlackElo "2090"]
[Result "0-1"]
1.d4 Ng8f6
2.Ng1f3 e6
3.e3 c5
4.Bf1d3 Nb8c6
5.c3 d5
6.Nb1d2 Bf8d6
7.O-O O-O
8.dxc5 Bd6xc5
9.e4 Qd8c7
10.Qd1e2 e5
11.exd5 Nf6xd5
12.Nd2e4 Bc5e7
13.Ne4g5 h6
14.Qe2e4 Nd5f6
15.Qe4e2 Bc8g4
16.Ng5e4 Ra8d8
17.h3 Bg4xf3
18.Qe2xf3 Nf6xe4
19.Bd3xe4 f5
20.Be4d5 Kh8
21.b3 e4
22.Qf3d1 Qc7e5
{ abandon }0-1

[Event "Défi"]
[Site "www.echecsemail.com"]
[Date "2026.01.07"]
[Round "1"]
[White "Patrick"]
[Black "4x4"]
[WhiteElo "1550"]
[BlackElo "1460"]
[Result "1-0"]
1.e4 e5
2.Ng1f3 d6
3.d4 Bc8g4
4.d5 Bg4xf3
5.Qd1xf3 Nb8d7
6.Nb1d2 Qd8e7
7.Qf3e3 Nd7c5
8.Bf1b5 Kd8
9.Nd2f3 b6
10.Bb5c6 Ra8b8
11.O-O Ng8f6
12.Qe3d2 Nf6xe4
13.Qd2e2 f5
14.Bc1e3 f4
15.b4 Nc5d7
16.Be3d2 Ne4xd2
17.Qe2xd2 g6
18.Ra1e1 Bf8g7
19.c4 Qe7f6
20.a4 Ke7
21.h3 Rh8d8
22.Re1e4 Qf6f5
23.Rf1e1 Nd7f6
24.Nf3d4 Qf5g5
25.Re4xf4 Kf8
26.Nd4e6 Kg8
27.Ne6xg5 Rd8f8
28.Rf4h4 Nf6h5
29.Bc6d7 Nh5f4
30.Rh4xh7 Nf4h5
31.Ng5e6 Rf8f7
32.Ne6g5 Rf7xd7
33.Qd2d3 Rb8f8
34.Qd3xg6 Nh5f6
35.Ng5e6 Rf8f7
36.Re1e3 Rd7e7
37.Ne6g5 Nf6xh7
38.Qg6xh7 Kf8
39.Ng5e6 Re7xe6
40.dxe6 Rf7e7
41.Re3f3 Bg7f6
42.Rf3xf6 Ke8
43.Qh7g8 1-0

[Event "Défi"]
[Site "www.echecsemail.com"]
[Date "2026.01.07"]
[Round "1"]
[White "Lancov"]
[Black "Roquefort"]
[WhiteElo "1920"]
[BlackElo "1890"]
[Result "1-0"]
1.e4 d5
2.exd5 Qd8xd5
3.d4 e6
4.Nb1c3 Qd5d6
5.Ng1f3 Ng8f6
6.Bf1d3 Bf8e7
7.h3 O-O
8.O-O c6
9.Bc1g5 b5
10.Bg5xf6 Be7xf6
11.Nc3e4 Qd6e7
12.Ne4xf6 Qe7xf6
13.Nf3e5 Rf8d8
14.c3 Bc8b7
15.Qd1h5 g6
16.Qh5h6 Nb8d7
17.Ne5g4 Qf6g7
18.Qh6d2 Nd7f6
19.Ng4h6 Kh8
20.g4 g5
21.h4 Qg7xh6
22.hxg5 Qh6h3
23.f3 Nf6xg4
24.fxg4 Qh3g3
25.Qd2g2 Qg3xd3
26.Rf1xf7 Ra8b8
27.Ra1f1 Qd3g6
28.Qg2h2 Rd8g8
29.Rf1f6 Qg6b1
30.Rf6f1 Qb1e4
31.Qh2h4 c5
32.Rf1f2 Qe4e1
33.Kh2 Qe1h1
34.Kg3 Qh1xh4
35.Kxh4 Rg8g7
36.dxc5 Rg7xf7
37.Rf2xf7 a5
38.Kh5 Bb7d5
39.Kh6 Bd5e4
40.Rf7e7 Rb8g8
41.a3 Rg8g6
42.Kh5 Be4d5
43.b4 axb4
44.cxb4 Rg6g7
45.Re7e8 Rg7g8
46.Re8e7 Rg8g6
47.Re7c7 e5
48.a4 bxa4
49.b5 a3
50.Rc7a7 a2
51.c6 Rg6g7
52.Ra7a8 Rg7g8
53.Ra8a7 e4
54.Kh6 Rg8g6
55.Kh5 e3
56.c7 Bd5e6
57.Ra7xa2 Rg6g7
58.b6 Be6d5
59.c8Q { abandon }1-0

[Event "VIC LA GARDIOLE"]
[Site "www.echecsemail.com"]
[Date "2026.01.07"]
[Round "1"]
[White "Mindthegap"]
[Black "Patau"]
[WhiteElo "1440"]
[BlackElo "1660"]
[Result "0-1"]
1.e4 e5
2.Ng1f3 Nb8c6
3.Nb1c3 Ng8f6
4.d4 exd4
5.Nf3xd4 Bf8b4
6.Nd4xc6 bxc6
7.Bf1d3 d5
8.O-O Bb4xc3
9.bxc3 dxe4
10.Bd3xe4 Qd8xd1
11.Rf1xd1 Nf6xe4
12.Rd1e1 O-O
13.Re1xe4 Bc8a6
14.Re4g4 Rf8e8
15.Bc1b2 Re8e2
16.Ra1f1 Re2xc2
17.Bb2a3 Rc2xa2
18.Ba3e7 Ba6xf1
19.Be7f6 g6
20.Bf6e5 Bf1e2
21.g3 Be2xg4
22.Be5xc7 Bg4f3
{ abandon }0-1

[Event "SOUPE UNE BONNE SOUPE"]
[Site "www.echecsemail.com"]
[Date "2026.01.07"]
[Round "1"]
[White "4x4"]
[Black "Katastrofic"]
[WhiteElo "1500"]
[BlackElo "1460"]
[Result "1-0"]
1.d4 f5
2.e3 d5
3.Nb1c3 e6
4.Ng1f3 Bf8b4
5.Bc1d2 Bb4xc3
6.Bd2xc3 Ng8f6
7.Nf3e5 Nb8d7
8.f4 Nd7xe5
9.fxe5 Nf6e4
10.Bf1d3 Ne4xc3
11.bxc3 O-O
12.Qd1d2 b6
13.Bd3b5 Bc8d7
14.Bb5xd7 Qd8xd7
15.Ke2 c5
16.Kf2 c4
17.Rh1f1 b5
18.Kg1 Rf8f7
19.h4 Ra8f8
20.g3 g6
21.Rf1f2 Rf7g7
22.Rf2g2 Rf8f7
23.Qd2f2 g5
24.h5 h6
25.Qf2e1 a5
26.Qe1c1 f4
27.g4 f3
28.Rg2f2 Qd7e7
29.a4 Qe7d7
30.Qc1b1 bxa4
31.Ra1a3 Qd7b7
32.Qb1a2 Qb7b8
33.Ra3xa4 Rf7b7
34.Rf2xf3 Rb7b1
35.Rf3f1 Rb1b2
36.Qa2a3 Rg7b7
37.Rf1f2 Rb2b1
38.Kg2 Rb7f7
39.Ra4xa5 Rf7f8
40.Rf2xf8 { abandon }1-0

[Event "Défi"]
[Site "www.echecsemail.com"]
[Date "2026.01.07"]
[Round "1"]
[White "Tian"]
[Black "Joelcouturier"]
[WhiteElo "1350"]
[BlackElo "1150"]
[Result "1-0"]
1.d4 d5
2.Nb1c3 Ng8f6
3.Bc1g5 Nb8c6
4.Bg5xf6 exf6
5.e3 Bf8b4
6.a3 Bb4d6
7.Ng1f3 O-O
8.h4 Bc8g4
9.h5 g6
10.Qd1d3 f5
11.Nf3d2 Bg4xh5
12.Qd3b5 Qd8d7
13.g3 Bh5g4
14.Qb5xb7 Ra8b8
15.Qb7a6 f4
16.f3 Bg4f5
17.Bf1b5 f6
18.Bb5xc6 Qd7c8
19.Qa6a4 Rb8xb2
20.Kf2 Rb2xc2
21.e4 Rc2xd2
22.Ke1 Rd2d3
23.Nc3d1 g5
24.exf5 Qc8d8
25.Bc6xd5 Kg7
26.Qa4c4 Rf8e8
27.Kf1 Rd3xf3
28.Kg2 Rf3xg3
29.Kf2 Kf8
30.Rh1xh7 c6
31.Bd5xc6 Re8e7
32.Rh7h8 Kg7
33.Rh8xd8 Rg3h3
34.Qc4g8 Kh6
35.Qg8h8 Re7h7
36.Qh8g8 Rh3h2
37.Kg1 f3
38.Qg8g6 1-0

[Event "Tournoi n27369"]
[Site "www.echecsemail.com"]
[Date "2026.01.07"]
[Round "1"]
[White "Foxie519"]
[Black "Wenoketo"]
[WhiteElo "1700"]
[BlackElo "1630"]
[Result "1-0"]
1.e4 c6
2.d3 e6
3.g3 d5
4.e5 Nb8d7
5.d4 c5
6.c3 c4
7.Bf1g2 Ng8e7
8.Ng1f3 b6
9.O-O Ne7c6
10.Bc1e3 Bf8e7
11.Nb1d2 O-O
12.b3 cxb3
13.axb3 a5
14.c4 dxc4
15.Nd2xc4 Bc8b7
16.Nc4d6 Be7xd6
17.exd6 Nd7f6
18.Be3f4 Nf6e8
19.Nf3e5 Ra8c8
20.d7 Nc6xe5
21.dxe5 Bb7xg2
22.Kxg2 Rc8c7
23.dxe8Q Rf8xe8
24.Qd1xd8 Re8xd8
25.Bf4e3 Rc7b7
26.Rf1c1 g6
27.Ra1b1 b5
28.Rb1b2 Rd8b8
29.Be3g5 Kg7
30.Bg5f6 Kh6
31.h4 Kh5
32.Kh3 h6
33.g4 1-0

[Event "Défi( 10J+24H/c 10J Max )"]
[Site "www.echecsemail.com"]
[Date "2026.01.07"]
[Round "1"]
[White "Titit1"]
[Black "Sierra117"]
[WhiteElo "1470"]
[BlackElo "1630"]
[Result "1/2-1/2"]
1.e4 e5
2.Qd1h5 d6
3.Ng1f3 g6
4.Qh5g5 Qd8xg5
5.Nf3xg5 h6
6.Ng5f3 Ng8f6
7.Nb1c3 c6
8.Bf1e2 Bc8e6
9.O-O Nb8d7
10.d4 exd4
11.Nf3xd4 Bf8g7
12.Bc1f4 Nf6g4
13.Nd4xe6 fxe6
14.Be2xg4 e5
15.Bf4e3 a6
16.f4 O-O-O
17.f5 gxf5
18.exf5 Nd7f6
19.Bg4e2 c5
20.Be2c4 d5
21.Bc4e2 d4
22.Be3xd4 cxd4
23.Nc3a4 Kc7
24.Na4c5 Kd6
25.Nc5e6 Rd8d7
26.Ra1d1 Nf6d5
27.Ne6xg7 Rd7xg7
28.Rd1d3 Rg7f7
29.Rd3g3 Rf7f6
30.Rg3g7 b5
31.Rg7a7 Nd5c7
32.c3 dxc3
33.bxc3 Rh8f8
34.Rf1d1 Kc6
35.Be2f3 Kb6
36.Ra7b7 Ka5
37.Rb7xc7 Rf6xf5
38.Rd1d7 Rf8f6
39.h3 Rf5f4
40.Rd7d5 e4
41.Bf3e2 Rf4f2
42.Rd5d7 Rf2xe2
43.Rd7g7 Re2xa2
44.Kh2 Ra2c2
45.Rg7e7 Rf6f2
46.Kg3 Rf2xg2
47.Kf4 Rg2e2
48.Re7xe4 Re2h2
49.Kg3 Rh2d2
50.Re4e6 Rd2d3
51.Kh4 Rd3xc3
52.Rc7h7 Rc2h2
53.Rh7xh6 Rh2xh3
54.Kg4 Rh3xh6
55.Re6xh6 Rc3c4
56.Kg5 b4
57.Kg6 Rc4c6
58.Kg7 Rc6xh6
59.Kxh6 Kb5
60.Kg6 a5
{ nul }1/2-1/2

[Event "Eq:Pirates du Mat-Les Rois du Succes :"]
[Site "www.echecsemail.com"]
[Date "2026.01.07"]
[Round "1"]
[White "Oscar"]
[Black "Breton"]
[WhiteElo "2010"]
[BlackElo "2030"]
[Result "0-1"]
1.d4 Ng8f6
2.c4 e6
3.Ng1f3 d5
4.e3 c6
5.Nb1c3 Nb8d7
6.Bf1e2 Bf8e7
7.O-O O-O
8.Bc1d2 b6
9.b3 Bc8b7
10.cxd5 exd5
11.Ra1c1 Ra8c8
12.Be2d3 Rf8e8
13.h3 Be7d6
14.Rf1e1 c5
15.Nc3b5 Bd6b8
16.dxc5 Nd7xc5
17.Bd3f5 Nc5e6
18.Rc1xc8 Bb7xc8
19.Qd1c2 Bc8d7
20.Bf5d3 Qd8c8
21.Nb5d4 Qc8xc2
22.Bd3xc2 Bb8d6
23.Nd4f5 Bd6b8
24.Bd2c3 Nf6e4
25.Bc3e5 Ne4g5
26.Be5xb8 Ng5xf3
27.gxf3 Re8xb8
28.Nf5e7 Kf8
29.Ne7xd5 Ne6g5
30.Kg2 Bd7xh3
31.Kg3 Rb8c8
32.f4 Rc8xc2
33.fxg5 Bh3e6
34.Nd5b4 Rc2c5
35.f4 a5
36.Nb4d3 Rc5c2
37.Nd3c1 Ke7
38.Kf3 Be6c8
39.e4 Rc2c3
40.Ke2 Bc8a6
41.Kd2 Rc3h3
42.Re1g1 Ba6b7
43.Rg1e1 h5
44.gxh6 gxh6
45.e5 h5
46.Nc1e2 Bb7a6
47.Ne2c3 Rh3d3
48.Kc2 h4
49.Re1h1 h3
50.a4 Ba6b7
51.Rh1h2 Rd3g3
52.Nc3e2 Rg3g2
53.Rh2xg2 Bb7xg2
54.Ne2g3 h2
55.Kc3 Bg2d5
56.b4 Bd5c6
57.bxa5 bxa5
58.Kb3 Ke6
59.Kc4 Bc6xa4
{ abandon }0-1

[Event "Coupe Niveau 2"]
[Site "www.echecsemail.com"]
[Date "2026.01.07"]
[Round "1"]
[White "Woluwe1975"]
[Black "Katastrofic"]
[WhiteElo "1630"]
[BlackElo "1430"]
[Result "1-0"]
1.e4 e5
2.c3 a6
3.d4 Nb8c6
4.d5 Nc6b8
5.f4 d6
6.h3 exf4
7.Ng1f3 Bf8e7
8.Bc1xf4 Ng8f6
9.Bf1d3 O-O
10.O-O b5
11.Nb1d2 Bc8b7
12.Qd1b3 h6
13.g4 c5
14.c4 b4
15.Qb3d1 a5
16.b3 Bb7c8
17.Qd1e1 Nf6h7
18.Qe1e3 Nb8d7
19.Kg2 Be7f6
20.e5 dxe5
21.Nf3xe5 Rf8e8
22.Qe3f2 Bf6xe5
23.Ra1e1 Be5xf4
24.Qf2xf4 Re8xe1
25.Rf1xe1 Nd7f6
26.Nd2e4 Nf6xe4
27.Bd3xe4 Ra8a7
28.d6 Ra7d7
29.Qf4e3 Rd7e7
30.dxe7 Qd8e8
31.Qe3xc5 Nh7f6
32.Be4f3 Bc8d7
33.Qc5xa5 { abandon }1-0

[Event "Défi( 10J+24H/c 10J Max )"]
[Site "www.echecsemail.com"]
[Date "2026.01.07"]
[Round "1"]
[White "Pourquoipas"]
[Black "Patau"]
[WhiteElo "1650"]
[BlackElo "1700"]
[Result "0-1"]
1.f4 e5
2.fxe5 d6
3.exd6 Bf8xd6
4.e4 Ng8f6
5.Qd1e2 O-O
6.e5 Bd6xe5
7.d3 Rf8e8
8.Bc1e3 Be5xb2
9.Qe2f3 Bb2xa1
10.g3 Bc8g4
11.Qf3f4 Ba1d4
12.Kd2 Bd4xe3
13.Qf4xe3 Re8xe3
14.Kxe3 Qd8e7
15.Kd2 Qe7b4
{ abandon }0-1

[Event "Coupe Niveau 3"]
[Site "www.echecsemail.com"]
[Date "2026.01.07"]
[Round "1"]
[White "Elghribi"]
[Black "Patau"]
[WhiteElo "1890"]
[BlackElo "1670"]
[Result "1-0"]
1.e4 e5
2.Ng1f3 Nb8c6
3.Bf1b5 a6
4.Bb5a4 b5
5.Ba4b3 Ng8f6
6.d3 Nc6a5
7.Nf3xe5 Na5xb3
8.axb3 Bf8c5
9.O-O Bc8b7
10.Nb1c3 d6
11.Ne5f3 h6
12.Nc3e2 O-O
13.Ne2g3 Qd8d7
14.d4 Bc5b6
15.Rf1e1 Rf8e8
16.d5 c6
17.c4 cxd5
18.cxd5 Ra8c8
19.Bc1d2 Nf6g4
20.Re1e2 Ng4e5
21.Nf3xe5 Re8xe5
22.Bd2f4 Re5e7
23.Ng3f5 Re7e8
24.Nf5xd6 Bb7xd5
25.exd5 Re8xe2
26.Qd1xe2 g5
27.Bf4g3 Rc8c5
28.Ra1d1 f5
29.Nd6xf5 Qd7xf5
30.Qe2e8 Qf5f8
31.Qe8e6 Qf8f7
32.Qe6xb6 Rc5xd5
33.Rd1xd5 Qf7xd5
34.Qb6g6 Kf8
35.Bg3d6 { abandon }1-0

[Event "Tournoi n27359"]
[Site "www.echecsemail.com"]
[Date "2026.01.07"]
[Round "1"]
[White "Verson"]
[Black "Onetwoyve"]
[WhiteElo "1870"]
[BlackElo "1870"]
[Result "1/2-1/2"]
1.d4 d5
2.Ng1f3 Bc8f5
3.e3 h6
4.c4 c6
5.Nb1c3 e6
6.Bf1e2 Ng8f6
7.O-O Bf8d6
8.b3 Nb8d7
9.Bc1b2 O-O
10.h3 Ra8c8
11.Ra1c1 Qd8a5
12.a4 Nf6e4
13.Nc3xe4 Bf5xe4
14.c5 Bd6b8
15.b4 Qa5c7
16.g3 f5
17.b5 Rf8f6
18.Nf3d2 Rc8f8
19.f4 Kh7
20.Nd2xe4 fxe4
21.Qd1e1 g5
22.Qe1f2 gxf4
23.gxf4 Rf6f5
24.Be2g4 Rf8g8
25.Kh1 Rf5f6
26.Rf1g1 Nd7f8
27.Bg4h5 Nf8g6
28.Bh5xg6 Rf6xg6
29.Rg1xg6 Rg8xg6
30.Rc1g1 Qc7g7
31.Rg1xg6 Qg7xg6
32.Bb2c3 Bb8c7
33.Qf2g2 Bc7d8
34.Qg2xg6 Kxg6
35.Bc3e1 Kh5
36.Kg2 Bd8h4
37.Be1a5 Kg6
38.bxc6 bxc6
39.Ba5c7 a6
40.Bc7a5 { nul }1/2-1/2

[Event "Coupe Niveau 4"]
[Site "www.echecsemail.com"]
[Date "2026.01.07"]
[Round "1"]
[White "Patau"]
[Black "Alain64"]
[WhiteElo "1680"]
[BlackElo "2110"]
[Result "0-1"]
1.e4 c5
2.Ng1f3 e6
3.g3 Nb8c6
4.Bf1g2 d5
5.d3 dxe4
6.dxe4 Qd8xd1
7.Kxd1 Ng8f6
8.Nb1c3 Bf8e7
9.Bc1f4 O-O
10.Ke2 a6
11.Rh1d1 b5
12.a3 Bc8b7
13.Bf4d6 Be7xd6
14.Rd1xd6 Rf8d8
15.Ra1d1 Rd8xd6
16.Rd1xd6 Ra8d8
17.Rd6xd8 Nc6xd8
18.Nf3e5 Kf8
19.Ne5d3 b4
20.axb4 cxb4
21.Nc3a4 Nf6xe4
22.Bg2xe4 Bb7xe4
23.Nd3xb4 a5
24.f3 Be4xf3
25.Kxf3 axb4
26.c4 bxc3
27.Na4xc3 Nd8c6
28.Ke4 Ke7
29.g4 f6
30.h4 g6
31.Nc3b5 f5
32.gxf5 gxf5
33.Kf4 Kf6
34.Nb5d6 e5
35.Ke3 Ke6
36.Nd6c4 Nc6b4
37.Nc4d2 f4
38.Ke4 Nb4d5
39.Nd2f3 Nd5f6
40.Kd3 e4
41.Ke2 exf3
42.Kxf3 Kf5
43.b4 Nf6d5
{ abandon }0-1

[Event "Tournoi n27330"]
[Site "www.echecsemail.com"]
[Date "2026.01.07"]
[Round "1"]
[White "Lancien57"]
[Black "Nogean"]
[WhiteElo "1480"]
[BlackElo "1630"]
[Result "0-1"]
1.e4 d6
2.Ng1f3 Nb8d7
3.Nb1c3 g6
4.d4 c5
5.d5 Bf8g7
6.Bf1e2 Ng8f6
7.Bc1e3 h6
8.Be2c4 O-O
9.O-O a6
10.a3 b5
11.Bc4e2 Qd8b6
12.h3 b4
13.axb4 Qb6xb4
14.Qd1c1 Kh7
15.Be3d2 Nf6xe4
16.Nc3xe4 Qb4xe4
17.Rf1e1 Qe4xd5
18.c4 Qd5f5
19.Nf3h4 Qf5e6
20.Be2g4 Qe6f6
21.Nh4f3 Qf6xb2
22.Qc1xb2 Bg7xb2
23.Ra1a2 Bb2g7
24.Nf3h4 Nd7e5
25.Bg4xc8 Rf8xc8
26.Re1e4 Rc8b8
27.Bd2f4 g5
28.Bf4xe5 Bg7xe5
29.Nh4f5 Rb8b1
30.Re4e1 Rb1xe1
0-1

[Event "Tournoi n27309"]
[Site "www.echecsemail.com"]
[Date "2026.01.07"]
[Round "1"]
[White "Titit1"]
[Black "Kiki37"]
[WhiteElo "1380"]
[BlackElo "1360"]
[Result "1-0"]
1.Ng1f3 Ng8f6
2.Nb1c3 e6
3.e4 Bf8b4
4.a3 Bb4xc3
5.dxc3 O-O
6.Bc1g5 h6
7.Bg5d2 Nf6xe4
8.Bd2e3 d5
9.Bf1d3 Nb8c6
10.O-O a5
11.Qd1e1 e5
12.Qe1c1 d4
13.Be3d2 Ne4xd2
14.Qc1xd2 Bc8g4
15.Bd3e4 Bg4xf3
16.Be4xf3 b5
17.Bf3xc6 Ra8b8
18.Qd2c1 dxc3
19.Rf1d1 cxb2
20.Qc1xb2 Qd8g5
21.Rd1d7 Rf8c8
22.Ra1d1 e4
23.Qb2b3 Qg5f5
24.Rd1d5 Qf5g6
25.Qb3c3 b4
26.axb4 axb4
27.Qc3b3 Qg6xc6
28.Rd7xf7 Qc6g6
29.Rd5d7 c5
30.Rf7f6 Kh7
31.Rf6xg6 Kxg6
32.Qb3f7 Kg5
33.Qf7xg7 Kf5
34.Rd7f7 Ke6
35.Qg7g6 Ke5
36.Qg6f5 Kd4
37.Rf7d7 Kc4
38.Qf5xe4 Kb5
39.Rd7d6 c4
40.Qe4e5 Rc8c5
41.Qe5e3 c3
42.Qe3e2 Ka4
43.Rd6a6 Rc5a5
44.Ra6xa5 Kxa5
45.Qe2h5 Rb8b5
46.Qh5xh6 b3
47.cxb3 Rb5xb3
48.Qh6g5 Kb4
49.h4 c2
50.Qg5f4 Ka3
51.h5 Rb3b1
52.Kh2 c1Q
53.Qf4d6 Rb1b4
54.h6 Qc1f4
55.Qd6xf4 Rb4xf4
56.Kg3 Rf4f7
57.Kg4 Rf7h7
58.Kg5 Kb4
59.Kg6 Rh7a7
60.h7 Ra7a6
61.Kf7 Ra6a7
62.Kg6 Ra7a8
63.g4 Kc5
64.g5 Kd5
65.f4 Ra8h8
66.f5 Ke5
67.f6 Ke6
68.f7 Rh8xh7
69.f8Q Rh7e7
70.Qf8f6 Kd7
71.Kf5 Kd8
72.g6 Ke8
73.g7 Re7f7
74.g8Q Rf7f8
75.Qg8xf8 Kd7
76.Qf6d6 1-0

[Event "Défi( 10J+24H/c 10J Max )"]
[Site "www.echecsemail.com"]
[Date "2026.01.07"]
[Round "1"]
[White "Ephixe"]
[Black "Tunnellavage"]
[WhiteElo "1800"]
[BlackElo "1770"]
[Result "1-0"]
1.d4 Ng8f6
2.c4 e6
3.Nb1c3 c6
4.Bc1g5 d5
5.e3 Bf8e7
6.Bf1d3 Nb8d7
7.Ng1e2 a6
8.O-O O-O
9.Ne2g3 h6
10.Bg5f4 b5
11.c5 Bc8b7
12.b4 Rf8e8
13.a4 Be7f8
14.axb5 axb5
15.Ra1xa8 Qd8xa8
16.Bf4xh6 gxh6
17.e4 Bf8g7
18.e5 Nf6h7
19.f4 Nd7f8
20.f5 exf5
21.Ng3xf5 Nf8e6
22.Qd1g4 { abandon }1-0

[Event "VIC LA GARDIOLE"]
[Site "www.echecsemail.com"]
[Date "2026.01.07"]
[Round "1"]
[White "Qsdmlk"]
[Black "Woluwe1975"]
[WhiteElo "1550"]
[BlackElo "1620"]
[Result "0-1"]
1.e4 e5
2.Ng1f3 Nb8c6
3.Nb1c3 Ng8f6
4.d4 exd4
5.Nf3xd4 Bf8c5
6.Bc1g5 O-O
7.e5 Nc6xe5
8.Bf1b5 c6
9.Bb5a4 d5
10.O-O h6
11.Bg5f4 Bc8g4
12.Qd1d2 Kh7
13.Bf4xe5 Nf6e4
14.Qd2f4 Bg4e6
15.Nd4f3 f6
16.Be5d4 Bc5d6
17.Qf4e3 Be6f7
18.Nc3xe4 dxe4
19.Qe3xe4 Bf7g6
20.Qe4g4 Bg6f7
21.Nf3h4 b5
22.Ba4b3 Bf7e8
23.Ra1d1 Qd8e7
24.Nh4g6 Be8xg6
25.Rd1d3 Bg6xd3
26.cxd3 a5
27.Bd4e3 a4
28.Bb3c2 g6
29.d4 f5
30.Qg4h3 f4
31.Be3c1 Qe7f6
32.Rf1e1 Ra8e8
33.Re1xe8 Rf8xe8
34.Qh3d7 Re8e7
35.Qd7xc6 Qf6xd4
36.Qc6f3 Re7e1
0-1

[Event "Tournoi n27347"]
[Site "www.echecsemail.com"]
[Date "2026.01.07"]
[Round "1"]
[White "Verson"]
[Black "Oranmore"]
[WhiteElo "1830"]
[BlackElo "1880"]
[Result "0-1"]
1.d4 d5
2.Ng1f3 Ng8f6
3.e3 Bc8f5
4.c3 e6
5.Bf1d3 Bf5xd3
6.Qd1xd3 a6
7.Nb1d2 g6
8.O-O Bf8g7
9.e4 dxe4
10.Nd2xe4 O-O
11.Bc1g5 c6
12.Ra1e1 Nb8d7
13.Re1d1 Qd8c7
14.Qd3e3 Nf6d5
15.Bg5h6 Nd5xe3
{ abandon }0-1

[Event "Défi( 10J+24H/c 10J Max )"]
[Site "www.echecsemail.com"]
[Date "2026.01.07"]
[Round "1"]
[White "Titit1"]
[Black "Claudius94"]
[WhiteElo "1480"]
[BlackElo "1899"]
[Result "0-1"]
1.Nb1c3 e5
2.e4 c6
3.Ng1f3 d6
4.Bf1c4 Ng8f6
5.Nf3g5 d5
6.exd5 cxd5
7.Bc4b5 Bc8d7
8.Bb5xd7 Nb8xd7
9.Qd1e2 Bf8e7
10.Qe2b5 b6
11.d3 a6
12.Qb5b3 O-O
13.O-O Nd7c5
14.Qb3a3 Nc5xd3
15.Qa3a4 Nd3c5
16.Qa4h4 h6
17.Ng5f3 Nf6e4
18.Qh4g4 Ne4xc3
19.bxc3 f5
20.Qg4h3 Qd8c7
21.Bc1xh6 gxh6
22.Qh3xh6 Rf8f7
23.Qh6g6 Kf8
24.Ra1b1 b5
25.Qg6h6 Ke8
26.Rf1e1 e4
27.Nf3d4 Qc7d6
28.Qh6h8 Be7f8
29.Re1e3 Qd6h6
30.Qh8e5 Bf8e7
31.Re3h3 Qh6f6
32.Qe5c7 Be7f8
33.Qc7a5 Nc5b7
34.Qa5b4 Bf8xb4
35.Rb1xb4 Ke7
36.Rb4b1 Ra8h8
37.Rh3xh8 Qf6xh8
38.Nd4c6 Kd6
39.Nc6d4 Qh8h5
40.c4 dxc4
41.c3 Rf7h7
42.h3 Nb7c5
43.Kf1 Nc5d3
44.a3 f4
45.a4 b4
46.cxb4 Nd3xb4
47.Kg1 a5
48.Nd4b5 Kc5
49.Kh2 Qh5e2
50.Rb1h1 Qe2xf2
51.Nb5c3 Qf2g3
52.Kg1 Qg3xc3
53.Kh2 e3
54.Rh1d1 e2
55.Rd1g1 e1Q
56.Rg1xe1 Qc3g3
57.Kg1 Qg3xe1
58.Kh2 Qe1d2
{ abandon }0-1

[Event "Eq:au plaisir du jeux -modesty :"]
[Site "www.echecsemail.com"]
[Date "2026.01.07"]
[Round "1"]
[White "Chessgaston"]
[Black "Dedechecs"]
[WhiteElo "2170"]
[BlackElo "2230"]
[Result "0-1"]
1.d4 f5
2.c4 Ng8f6
3.Nb1c3 d6
4.Ng1f3 g6
5.e3 Bf8g7
6.Bf1e2 O-O
7.O-O Qd8e8
8.Qd1b3 Nb8c6
9.Nf3g5 e6
10.Bc1d2 h6
11.Ng5f3 Kh7
12.d5 exd5
13.Nc3xd5 Nf6xd5
14.cxd5 Nc6e5
15.Nf3d4 a6
16.Ra1c1 Qe8e7
17.Bd2c3 c5
18.dxc6 bxc6
19.Nd4xc6 Ne5xc6
20.Bc3xg7 Qe7xg7
21.Rc1xc6 Bc8b7
22.Rc6xd6 Rf8f7
23.Rf1d1 a5
24.Qb3e6 Ra8f8
25.Be2b5 Bb7c8
26.Qe6b3 f4
27.Bb5c4 Rf7b7
28.Rd6b6 Rb7e7
29.e4 f3
30.gxf3 Qg7e5
31.Rb6b5 Qe5f4
32.Rd1d3 Bc8h3
33.Qb3c3 Re7c7
34.b3 Rf8f5
35.Rb5xf5 gxf5
36.Qc3d2 Rc7g7
37.Kh1 Bh3g2
38.Kg1 Bg2xf3
39.Kf1 Qf4g4
40.Rd3xf3 Qg4xf3
41.exf5 Qf3h1
42.Ke2 Qh1xh2
43.Qd2xa5 Qh2h5
44.Kd2 Rg7d7
45.Kc2 Qh5d1
46.Kb2 Qd1d4
47.Kc2 Qd4xf2
48.Kc1 Rd7g7
49.Qa5d2 Qf2g1
50.Qd2d1 Qg1e3
51.Qd1d2 Rg7g1
52.Kc2 Qe3e4
53.Bc4d3 Qe4c6
54.Kb2 Rg1g2
55.Bd3e2 Qc6e8
56.Kc1 Rg2xe2
57.Qd2d3 Qe8e3
58.Qd3xe3 Re2xe3
{ abandon }0-1

[Event "Eq:La Diagonale du Fou-LES CHATTERBOX :"]
[Site "www.echecsemail.com"]
[Date "2026.01.07"]
[Round "1"]
[White "Onetwoyve"]
[Black "Blackbishop"]
[WhiteElo "1840"]
[BlackElo "1850"]
[Result "1-0"]
1.e4 e5
2.Ng1f3 Nb8c6
3.Bf1b5 a6
4.Bb5xc6 bxc6
5.d3 d6
6.O-O Ng8f6
7.b3 Bf8e7
8.Bc1b2 O-O
9.Nb1d2 Bc8g4
10.c3 d5
11.Qd1c2 Be7d6
12.Rf1e1 Qd8d7
13.exd5 cxd5
14.Nf3xe5 Bd6xe5
15.Re1xe5 Qd7d6
16.Ra1e1 Bg4d7
17.Nd2f3 Bd7g4
18.Nf3d4 Bg4h5
19.f3 Ra8e8
20.Qc2e2 Bh5g6
21.f4 Bg6h5
22.Qe2f1 Re8d8
23.h3 h6
24.f5 c5
25.Nd4c2 c4
26.g4 Bh5g6
27.fxg6 fxg6
28.Qf1e2 Rd8e8
29.d4 Nf6e4
30.Re5xe8 Qd6g3
31.Qe2g2 Qg3xg2
32.Kxg2 Rf8xe8
33.bxc4 dxc4
34.Nc2b4 a5
35.Nb4c6 a4
36.Re1e3 Re8e6
37.Nc6e5 Ne4g5
38.Ne5xc4 Re6c6
39.Nc4e5 Rc6b6
40.Bb2a3 Kh7
41.d5 Rb6b8
42.d6 Rb8d8
43.d7 Kg8
44.Re3d3 Ng5e6
45.Ne5c6 { abandon }1-0

[Event "Coupe Niveau 2"]
[Site "www.echecsemail.com"]
[Date "2026.01.07"]
[Round "1"]
[White "Katastrofic"]
[Black "Woluwe1975"]
[WhiteElo "1440"]
[BlackElo "1630"]
[Result "0-1"]
1.e4 c5
2.Bf1c4 a6
3.a3 e6
4.h3 b5
5.Bc4a2 Bc8b7
6.d3 Nb8c6
7.Ng1f3 d6
8.b4 g6
9.O-O Bf8g7
10.c3 cxb4
11.axb4 Nc6xb4
12.Bc1a3 Nb4xa2
13.Ra1xa2 Ng8h6
14.Ba3c1 O-O
15.d4 Bb7xe4
16.Bc1xh6 Be4d5
17.Ra2b2 Bg7xh6
18.Nb1d2 Ra8c8
19.Rf1e1 Rc8xc3
20.Nd2e4 Rc3c1
21.Qd1e2 Rc1xe1
22.Qe2xe1 f5
23.Ne4d2 Qd8b6
24.Nd2b3 Bh6g7
25.Qe1a5 Qb6a7
26.Nb3d2 Rf8b8
27.Rb2b4 h6
28.g3 Kh7
29.Kh2 e5
30.dxe5 Qa7xf2
{ abandon }0-1

[Event "Défi"]
[Site "www.echecsemail.com"]
[Date "2026.01.07"]
[Round "1"]
[White "Jpjay"]
[Black "Tinenfant"]
[WhiteElo "1620"]
[BlackElo "1880"]
[Result "0-1"]
1.Ng1f3 d5
2.d4 Ng8f6
3.g3 e6
4.Bf1g2 Bf8d6
5.O-O O-O
6.Bc1g5 h6
7.Bg5xf6 Qd8xf6
8.e3 Nb8c6
9.Nb1c3 a6
10.e4 dxe4
11.Nc3xe4 Qf6e7
12.Rf1e1 Bd6b4
13.c3 Bb4a5
14.b4 Ba5b6
15.Nf3e5 Nc6xe5
16.dxe5 Rf8d8
17.Qd1e2 Bc8d7
18.a4 Bd7c6
19.a5 Bb6a7
20.Qe2g4 Kh8
21.h4 Bc6xe4
22.Bg2xe4 c6
23.Be4c2 Rd8d2
24.Re1e2 Ra8d8
25.Bc2b3 Rd2xe2
26.Qg4xe2 Qe7d7
27.Qe2h5 Rd8f8
28.g4 Qd7d2
29.Ra1f1 Qd2xc3
30.Bb3a4 Qc3xb4
31.Ba4c2 f5
32.gxf5 exf5
33.Bc2xf5 Qb4f4
34.Qh5g6 Qf4xf5
35.Qg6xf5 Rf8xf5
36.e6 Kg8
37.Kg2 Kf8
38.f4 Ke7
39.Kg3 Kxe6
40.Rf1e1 Kd6
41.Re1b1 Kc7
42.Rb1e1 Kd6
43.Re1d1 Kc5
44.Rd1d7 Ba7b8
45.Rd7xg7 Bb8xf4
46.Kg4 Rf5f6
47.Rg7xb7 Bf4d2
48.Rb7b6 Bd2xa5
49.Rb6xa6 Kb5
50.Ra6a8 c5
51.h5 c4
52.Ra8b8 Rf6b6
53.Rb8c8 c3
54.Kf5 Kb4
55.Rc8g8 c2
56.Rg8g6 c1Q
{ abandon }0-1